书目信息 |
| 题名: |
中亚五国、阿富汉
|
|
| 作者: | 谢文庆...[等] 编著 | |
| 分册: | ||
| 出版信息: | 北京 军事谊文出版社 1995.5 |
|
| 页数: | 162页 | |
| 开本: | 19cm | |
| 丛书名: | ||
| 单 册: | ||
| 中图分类: | Z1 | |
| 科图分类: | ||
| 主题词: | 丛书 | |
| 电子资源: | ||
| ISBN: | 7-80027-649-X | |
| 000 | 00561nam0 2200193 45 | |
| 001 | 0004191078 | |
| 005 | 20040519101902.8 | |
| 010 | @a7-80027-649-X@dCNY65.00 | |
| 100 | @a20000419d1995 km y0chiy0120 ea | |
| 101 | @achi | |
| 105 | @a z 000yy | |
| 200 | 1 | @a中亚五国、阿富汉@AZhong Ya Wu Guo、A Fu Han@f谢文庆...[等]编著@FXie Wen Qing...[Deng]Bian Zhu |
| 210 | @a北京@c军事谊文出版社@d1995.5 | |
| 215 | @a162页@d19cm | |
| 606 | 0 | @a丛书 |
| 690 | @aZ1@v1 | |
| 701 | @a谢文庆...[等]@4编著 | |
| 801 | @aCN@bTSTC@c20000419 | |
| 905 | @dZ1@e56:1(7)@f2@b287893-894 | |
| 中亚五国、阿富汉/谢文庆...[等]编著.-北京:军事谊文出版社,1995.5 |
| 162页;19cm |
| ISBN 7-80027-649-X:CNY65.00 |
| ● |
| 相关链接 |
|
|
|
|
正题名:中亚五国、阿富汉
索取号:Z1/56:1(7)
 
预约/预借
| 序号 | 登录号 | 条形码 | 馆藏地/架位号 | 状态 | 备注 |
| 1 | 0287893 | 002878933 | 第三借阅区/ [索取号:Z1/56:1(7)] | 在馆 | |
| 2 | 0287894 | 002878942 | 第三借阅区/ [索取号:Z1/56:1(7)] | 在馆 | |
| 3 | 0287895 | 002878951 | 第二样本阅览室/ [索取号:Z1/56:1(7)] | 在馆 |